Statistics for Countries With Population of Over 50 Million

Click here to take the quiz!

General Stats

  • This quiz has been taken 8 times
  • The average score is 15 of 16

Answer Stats

Answer% Correct
Bangladesh
100%
Egypt
100%
Ethiopia
100%
Indonesia
100%
Iran
100%
Mexico
100%
Pakistan
100%
South Korea
100%
Thailand
100%
Turkey
100%
Vietnam
100%
Kenya
88%
Nigeria
88%
Myanmar
75%
Philippines
75%
Tanzania
75%

Score Distribution

Percentile by Number Answered

Percent of People with Each Score

Your Score History

You have not taken this quiz